<?xml version="1.0" encoding="UTF-8"?>
<record
    xmlns:xsi="http://www.w3.org/2001/XMLSchema-instance"
    xsi:schemaLocation="http://www.loc.gov/MARC21/slim http://www.loc.gov/standards/marcxml/schema/MARC21slim.xsd"
    xmlns="http://www.loc.gov/MARC21/slim">

  <leader>00423nam a2200133Ia 4500</leader>
  <controlfield tag="008">230411s9999    xx            000 0 und d</controlfield>
  <datafield tag="041" ind1=" " ind2=" ">
    <subfield code="a">eng</subfield>
  </datafield>
  <datafield tag="082" ind1=" " ind2=" ">
    <subfield code="a">PS/610.7368/VAR/HAL/B07093</subfield>
  </datafield>
  <datafield tag="100" ind1=" " ind2=" ">
    <subfield code="a">Varcarolis Elizabeth &amp; Halter Margaret</subfield>
    <subfield code="9">179377</subfield>
  </datafield>
  <datafield tag="245" ind1=" " ind2=" ">
    <subfield code="a">Foundations of Psychiatric Mental Health Nursing : Clinical approach</subfield>
  </datafield>
  <datafield tag="260" ind1=" " ind2=" ">
    <subfield code="b">Saunders company</subfield>
    <subfield code="a">St Louis</subfield>
    <subfield code="c">2010</subfield>
  </datafield>
  <datafield tag="300" ind1=" " ind2=" ">
    <subfield code="a">842p</subfield>
  </datafield>
  <datafield tag="999" ind1=" " ind2=" ">
    <subfield code="c">157283</subfield>
    <subfield code="d">157283</subfield>
  </datafield>
  <datafield tag="952" ind1=" " ind2=" ">
    <subfield code="0">0</subfield>
    <subfield code="1">0</subfield>
    <subfield code="4">0</subfield>
    <subfield code="7">0</subfield>
    <subfield code="8">PS</subfield>
    <subfield code="a">BTIN</subfield>
    <subfield code="b">BTIN</subfield>
    <subfield code="d">2012-04-02</subfield>
    <subfield code="e">A.D.Kansara Pune.</subfield>
    <subfield code="g">4829.45</subfield>
    <subfield code="i">135</subfield>
    <subfield code="l">0</subfield>
    <subfield code="o">PS 610.7368 VAR HAL B07093</subfield>
    <subfield code="p">BTIN-BK-7093</subfield>
    <subfield code="r">2023-04-11 00:00:00</subfield>
    <subfield code="v">3622.01</subfield>
    <subfield code="w">2012-04-02</subfield>
    <subfield code="y">BK</subfield>
    <subfield code="z">B07093</subfield>
  </datafield>
</record>
